| 000 | 01281cad a22002415a 4500 | ||
|---|---|---|---|
| 001 | L152021 | ||
| 008 | 110125s2010 xxk f 000 0 eng d | ||
| 020 | _a9781842196458 | ||
| 035 | _a(Sirsi) u152021 | ||
| 041 | 0 | _aeng | |
| 100 | 1 | _aGoodier, Chris | |
| 245 | 0 | 4 |
_aThe future of UK housebuilding _h[electronic resource] |
| 260 |
_aLondon _bRICS _c2010 |
||
| 490 | 0 | _aRICS Research | |
| 520 | _aLooks at the future of UK housebuilding for the next 10 to 20 years as part of the Vision for Cities programme; reviews the current landscape and identifies the key challenges and opportunities facing the industry in delivering housing of quantity, quality, sustainability and affordability; discusses the drivers for change and the potential nature and form of future housing; encourages strategic thinking within the industry and amongst policy makers with an emphasis on a more sustainable future. | ||
| 590 | _aKA NTK | ||
| 651 | 4 |
_aUnited Kingdom _y |
|
| 690 | _aPROPERTY-RESIDENTIAL PROPERTY-RESIDENTIAL PROPERTY DEVELOPMENT | ||
| 700 | 1 | _aPan, Wei | |
| 710 | 1 |
_aRoyal Institution of Chartered Surveyors _94900 |
|
| 856 | 4 | 0 |
_uhttps://www.rics.org/Global/Downloads/Future_UK_housebuilding_011010_dwl_aj.pdf _z View this item free of charge at www.rics.org |
| 942 | _n0 | ||
| 999 |
_c111803 _d111803 |
||